Aerodinámica (Record no. 86386)

MARC details
000 -LEADER
campo de control de longitud fija 00751nam a2200181 i 4500
001 - NÚMERO DE CONTROL
campo de control 86386
003 - IDENTIFICADOR DE NÚMERO DE CONTROL
campo de control ES-MaACL
005 - FECHA Y HORA DE LA ÚLTIMA TRANSACCIÓN
campo de control 20230906175433.0
007 - CAMPO FIJO DE DESCRIPCIÓN FÍSICA--INFORMACIÓN GENERAL
campo de control de longitud fija t|
008 - DATOS DE LONGITUD FIJA--INFORMACIÓN GENERAL
campo de control de longitud fija 041209s1954 sp ||||1| spa d
100 1# - ENTRADA PRINCIPAL--NOMBRE DE PERSONA
Nombre de persona Karman, Theodore von.
9 (RLIN) 67569
245 10 - MENCIÓN DEL TÍTULO
Título Aerodinámica
Resto del título : temas seleccionados a la luz de su desarrollo histórico /
Mención de responsabilidad, etc. por Theodore von Karman ; versión española de Antonio Pérez-Marín.
260 ## - PUBLICACIÓN, DISTRIBUCIÓN, ETC.
Lugar de publicación, distribución, etc. Madrid :
Nombre del editor, distribuidor, etc. Instituto Nacional de Técnica Aeronáutica Esteban Terradas,
Fecha de publicación, distribución, etc. [1954] (
Fabricante Imp. Ministerio del Aire)
300 ## - DESCRIPCIÓN FÍSICA
Extensión XIII, 214 p., 3 lám. :
Otras características físicas il. ;
Dimensiones 23 cm.
700 1# - ENTRADA AGREGADA--NOMBRE PERSONAL
Nombre de persona Pérez-Marín, Antonio.
9 (RLIN) 90997
710 2# - ENTRADA AGREGADA--NOMBRE DE ENTIDAD CORPORATIVA
Nombre de entidad corporativa o nombre de jurisdicción como elemento de entrada Instituto Nacional de Técnica Aeroespacial (España)
9 (RLIN) 5191
852 ## - LOCALIZACIÓN
Ubicación ES-MaACL
Número de control de estantería C-8304
Sublocalización o colección R.36603
Holdings
Estatus retirado Estado de pérdida Estado de daño No para préstamo Biblioteca de origen Biblioteca actual Ubicación en estantería Fecha de adquisición Fuente de adquisición Total de préstamos Signatura topográfica completa Código de barras Visto por última vez Precio de reemplazo Tipo de ítem Koha
        Biblioteca del Ateneo de Madrid Biblioteca del Ateneo de Madrid Sala Palomar 17/01/2008     C-8304 1090256 23/02/2023 23/02/2023 Libro impreso